000 02721cam a22006137i 4500
001 20908070
005 20230110180633.0
008 190328s1996 enka b 001 0 eng c
906 _a7
_bcbc
_cpccadap
_d2
_encip
_f20
_gy-gencatlg
925 0 _aacquire
_b1 shelf copy
_xpolicy default
010 _a 2018469220
015 _aGB9710409
_2bnb
020 _a1854904353
020 _a9781854904355
035 _a(OCoLC)ocm35032008
040 _aLPU
_beng
_erda
_cLPU
_dUMC
_dUKM
_dOCLCQ
_dUBA
_dYDXCP
_dOCLCG
_dHEBIS
_dDEBBG
_dOCL
_dOCLCA
_dDXU
_dOCLCO
_dOCLCA
_dCQ$
_dOCLCF
_dOCLCO
_dOCLCQ
_dUKUOY
_dOCLCQ
_dOCLCO
_dCPO
_dOCLCQ
_dDLC
042 _apcc
043 _ae-uk---
050 0 0 _aHT169.G7
_bG66 1996
080 _a711.4
084 _aARC 025C
_2stub
084 _aZH 9300
_2rvk
100 1 _aGosling, David,
_d-2002,
_eauthor.
245 1 0 _aGordon Cullen :
_bvisions of urban design /
_cDavid Gosling ; foreword by Sir Norman Foster.
264 1 _aLondon :
_bAcademy Editions ;
_aLanham, Md. :
_bDistributed to the trade in the United States of America by National Book Network, Inc,
_c1996.
300 _a256 pages :
_billustrations (some color) ;
_c31 cm
336 _atext
_btxt
_2rdacontent
336 _astill image
_bsti
_2rdacontent
337 _aunmediated
_bn
_2rdamedia
338 _avolume
_bnc
_2rdacarrier
336 _atext
_btxt
_2rdacontent
337 _aunmediated
_bn
_2rdamedia
338 _avolume
_bnc
_2rdacarrier
504 _aIncludes bibliographical references (pages 248-250) and index.
530 _aAlso issued online.
600 1 0 _aCullen, Gordon,
_d1914-1994.
650 0 _aCity planners
_zGreat Britain.
650 0 _aCity planning
_zGreat Britain
_vPictorial works.
600 1 4 _aCullen, Gordon.
600 1 7 _aCullen, Gordon,
_d1914-1994
_2fast
_0(OCoLC)fst01796765
650 7 _aCity planners.
_2fast
_0(OCoLC)fst00862164
650 7 _aCity planning.
_2fast
_0(OCoLC)fst00862177
651 7 _aGreat Britain.
_2fast
_0(OCoLC)fst01204623
655 7 _aPictorial works.
_2fast
_0(OCoLC)fst01423874
650 7 _aPlanejamento territorial urbano
_zGrã-bretanha.
_2larpcal
650 7 _aDesenho urbano
_zGrã-bretanha.
_2larpcal
600 1 7 _aCullen, Gordon.
_2swd
653 _aCity planners
653 _aCullen, Gordon
653 _aUK
776 0 8 _iOnline version:
_aGosling, David.
_tGordon Cullen.
_dLondon : Academy Editions ; Lanham, Md. : Distributed to the trade in the United States of America by National Book Network, 1996
_w(OCoLC)603681748
856 4 1 _3Table of contents
_uhttp://bvbr.bib-bvb.de:8991/F?func=service&doc_library=BVB01&doc_number=007479305&line_number=0001&func_code=DB_RECORDS&service_type=MEDIA
999 _c11190
_d11190